Central Library OPAC University of Rajshahi

Introduction to educational measurement / (Record no. 43261)

MARC details
000 -LEADER
fixed length control field 00760nam a2200253 a 4500
001 - CONTROL NUMBER
control field 43261
003 - CONTROL NUMBER IDENTIFIER
rucl marc code BD-RjUL
005 - DATE AND TIME OF LATEST TRANSACTION
control field 20211209053654.0
008 - FIXED-LENGTH DATA ELEMENTS--GENERAL INFORMATION
fixed length control field 160620s1965 mauah b 001 0 eng
035 ## - SYSTEM CONTROL NUMBER
System control number (BD-RjUL) 43379
040 ## - CATALOGING SOURCE
Original cataloging agency DLC
Transcribing agency DLC
Modifying agency DLC
-- BD-RjU
Language of cataloging eng
041 ## - LANGUAGE CODE
Language code of text/sound track or separate title eng
082 00 - DEWEY DECIMAL CLASSIFICATION NUMBER
Classification number 371.26
Edition number 23
Author mark and year NOI 1965
100 1# - MAIN ENTRY--PERSONAL NAME
Personal name Noll, Victor Herbert,
Dates associated with a name 1900-
9 (RLIN) 132885
245 10 - TITLE STATEMENT
Title Introduction to educational measurement /
Statement of responsibility, etc. by Victor H. Noll.
250 ## - EDITION STATEMENT
Edition statement 2d ed.
260 ## - PUBLICATION, DISTRIBUTION, ETC. (IMPRINT)
Place of publication, distribution, etc. Boston :
Name of publisher, distributor, etc. Houghton Mifflin,
Date of publication, distribution, etc. c 1965
300 ## - PHYSICAL DESCRIPTION
Pagination xviii, 509 p. :
Illustrations ill. ;
Size 25 cm.
500 ## - GENERAL NOTE
General note Includes index.
504 ## - BIBLIOGRAPHY, ETC. NOTE
Bibliography, etc Includes bibliographies.
650 #0 - SUBJECT ADDED ENTRY--TOPICAL TERM
Topical term or geographic name as entry element Educational tests and measurements.
9 (RLIN) 132190
942 ## - ADDED ENTRY ELEMENTS (KOHA)
Source of classification or shelving scheme Dewey Decimal Classification
Koha item type Books
Holdings
Lost status Source of classification or shelving scheme Damaged status Not for loan Collection code Permanent Location Current Location Shelving location Date acquired Source of acquisition Cost, normal purchase price Total Checkouts Full call number Date last seen Copy number Koha item type
  Dewey Decimal Classification     Non-fiction Central Library, University of Rajshahi Central Library, University of Rajshahi Documentation Section 28/12/1968 Zeithinger 75.60   371.26 NOI 1965 20/06/2016 C-2 Books
  Dewey Decimal Classification     Non-fiction Central Library, University of Rajshahi Central Library, University of Rajshahi   01/09/1970 Zeithinger 40.00   371.26 NOI 1965 20/06/2016 C-3 Books
  Dewey Decimal Classification     Non-fiction Central Library, University of Rajshahi Central Library, University of Rajshahi   01/09/1970 Zeithinger 40.00   371.26 NOI 1965 20/06/2016 C-4 Books